| 000 | 00526cab a2200193 4500 | ||
|---|---|---|---|
| 001 | X671 | ||
| 008 | 090401t1993 xxu||||| |||| 00| 0 eng d | ||
| 035 | _a(Sirsi) u66952 | ||
| 041 | _aeng | ||
| 245 | _aClients` money protection scheme | ||
| 260 | _c1993 | ||
| 350 | _a0 | ||
| 490 |
_aCSM (Chartered Surveyor Monthly) _v2(8) May 1993, 3(1) |
||
| 650 | _aCLIENTS MONEY PROTECTION SCHEME | ||
| 650 | _aCLIENTS MONEY | ||
| 690 | _aMANAGEMENT-BUSINESS MANAGEMENT-PROFESSIONAL PRACTICE | ||
| 942 | _n0 | ||
| 948 | _c04/03/1997 | ||
| 999 |
_c41852 _d41852 |
||